England Euro 2024 squad - Statistics

General Stats
  • This quiz has been taken 10 times
  • The average score is 21 of 27
Answer Stats
Hint Answer % Correct
FW Harry Kane
100%
DF John Stones
100%
GK Jordan Pickford
100%
DF Kyle Walker
100%
MF Phil Foden
100%
MF Trent Alexander-Arnold
100%
GK Aaron Ramsdale
90%
FW Bukayo Saka
90%
MF Declan Rice
90%
Manager Gareth Southgate
90%
MF Kobbie Mainoo
90%
DF Luke Shaw
90%
MF Jude Bellingham
80%
DF Kieran Trippier
80%
DF Marc Guehi
80%
FW Ollie Watkins
80%
MF Adam Wharton
70%
FW Cole Palmer
70%
DF Ezri Konsa
70%
FW Ivan Toney
70%
FW Anthony Gordon
60%
GK Dean Henderson
60%
MF Eberechi Eze
60%
MF Conor Gallagher
50%
FW Jarrod Bowen
40%
DF Joe Gomez
40%
DF Lewis Dunk
40%
No matching quizzes found
Score Distribution
Percent of People with Each Score
Percentile by Number Answered
Your Score History
You have not taken this quiz